00358nam a2200133Ia 4500008004100000100004000041245002700081250001200108260005000120300000800170650002400178942000700202999001500209190216s9999||||xx |||||||||||||| ||und|| aMichell J Sienko And Robert A Plane 0aExperimental Chemistry a6th Ed. bTata Mcgraw Hill Publishing Company Ltdc1985 a392 aChemistry-Chemistry cBK c2649d2649